000 00679nam a22002055i 4500
001 168434
003 ES-MaACL
005 20250929063251.0
008 080409s1997 fr |||| | fre d
080 _a654.197:316.774
100 1 _aBourdieu, Pierre,
_d1930-2002
_930964
245 1 0 _aSur la télévision ; suivi de L'emprise du journaliste /
_cPierre Bourdieu.
250 _a8ª ed.
260 _aParis :
_bLiber,
_c1997.
300 _a95 p. ;
_c17 cm.
650 1 4 _aTelevisión-
_xAspectos sociales.
_917439
740 2 _aL'emprise du journaliste.
852 _aES-MaACL
_jE-12218
_9R.190434
_z.- Biblioteca Jacinto Martínez Lacalle
999 _c168434
_d168434